000 00809cam a2200253 i 4500
999 _c118367
_d118367
001 20612279
005 20200902182448.0
008 180802s2019 paua 000 0 eng
020 _a9780803661622 (hard cover)
040 _cPK-LaUMT
082 0 0 _a615.82
_223
_bPHY-
245 0 0 _aPhysical rehabilitation /
_cedited by Susan B. O'Sullivan, Thomas J. Schmitz, and George Fulk
250 _a7th ed.
260 _aPhiladelphia :
_bF. A. Davis Publishers,
_c2019
300 _axxi, 1476 p. :
_billustrations (chiefly color) ;
_c29 cm
650 1 2 _aPhysical Therapy Modalities
650 2 2 _aPhysical Examination
650 2 2 _aDisability Evaluation
650 2 2 _aOrthopedic Equipment
700 1 _aO'Sullivan, Susan B.,
700 1 _aSchmitz, Thomas J.,
700 1 _aFulk, George D.,
942 _cBK